000 00394nam a2200157 i 4500
001 bg
100 1 _aBurakov, V. S.
245 0 _aPractical handbook on spectral analysis /
_cby V.S. Burakov, A.A. Yankovskii.
260 _aOxford,
_c1964.
700 1 _aJAnkovskij, A. A.
040 _cBPK
041 _apol
080 _a543.42
942 _cKS
008 s pl f |000 0 pol
999 _c15540
_d15540
856 _uhttp://koha.tu.koszalin.pl/cgi-bin/koha/opac-detail.pl?biblionumber=15540
_yKatalog online BPK